000 00453nam a22001697a 4500
005 20260311150548.0
008 260311b |||||||| |||| 00| 0 eng d
020 _a978-93-325-8710-6
041 _aeng
082 _a658.800 954 GUP-M
110 _aGUPTA, PRACHI & AGGARWAL, ASHITA AND OTHERS
_98899
245 _aMARKETING MANAGEMENT INDIAN CASES
260 _aUTTAR PRADESH
_bPEARSON
_c2018
300 _aE-7;P
650 _aMANAGEMENT
942 _cBK
999 _c9082
_d9080